|
|
|
|
| LEADER |
00614cam a2200181 7i4500 |
| 001 |
0000052899 |
| 005 |
20191001090000.0 |
| 020 |
|
|
|a 1855852721 (pbk.)
|
| 020 |
|
|
|a 9781855852723 (pbk.)
|
| 090 |
0 |
0 |
|a TR145
|b .H43 1993
|
| 100 |
1 |
|
|a Hedgecoe, John
|
| 245 |
1 |
0 |
|a John Hedgecoe's basic photography
|c John Hedgecoe.
|
| 260 |
|
|
|a London:
|b Collins & Brown,
|c 1993.
|
| 650 |
0 |
0 |
|a Photography --
|x Technique
|
| 650 |
0 |
0 |
|a Photography
|
| 997 |
|
|
|a Communication, Visual Art & Computing, Faculty
|b Visual Art, Department
|
| 998 |
|
|
|a Photographic Technology, Diploma
|
| 999 |
|
|
|a 0000067178
|b BOK
|c OPEN SHELF
|e 2nd Floor, Bestari Jaya
|